Design of machine elements (Record no. 5021)
[ view plain ]
| 000 -LEADER | |
|---|---|
| fixed length control field | 00521nam a2200169Ia 4500 |
| 003 - CONTROL NUMBER IDENTIFIER | |
| control field | SGT |
| 020 ## - INTERNATIONAL STANDARD BOOK NUMBER | |
| International Standard Book Number | 9788120319554 |
| 082 ## - DEWEY DECIMAL CLASSIFICATION NUMBER | |
| Classification number | 621.82 |
| Item number | SHA |
| 100 ## - MAIN ENTRY--PERSONAL NAME | |
| Personal name | Sharma,C.S |
| 245 ## - TITLE STATEMENT | |
| Title | Design of machine elements |
| 260 ## - PUBLICATION, DISTRIBUTION, ETC. (IMPRINT) | |
| Name of publisher, distributor, etc | PHI Learning Private Limited |
| Place of publication, distribution, etc | New Delhi |
| Year of Publication | 2007 |
| 300 ## - PAGE DESCRIPTION | |
| No. of Pages | 305p. |
| 650 ## - SUBJECT ADDED ENTRY--TOPICAL TERM | |
| Topical term or geographic name as entry element | MECHANICAL ENGINEERING |
| 653 ## - KEYWORDS--INDEX TERM | |
| Keyword term | INTRODUCTION TO ENGINEERING DESIGN, COMPUTER-AIDED DESIGN AND DRAFTING, ENGINEERING MATERIALS, FUNDAMENTAL OF MACHINE DESIGN, |
| 700 ## - ADDED ENTRY--PERSONAL NAME | |
| Personal name | Purohit,Kamlesh |
| 942 ## - ADDED ENTRY ELEMENTS (KOHA) | |
| Source of classification or shelving scheme | Dewey Decimal Classification |
| Koha item type | Books |
| Withdrawn status | Lost status | Source of classification or shelving scheme | Damaged status | Use restrictions | Not for loan | Collection code | Home library | Current library | Shelving location | Date acquired | SGTU | Full call number | Accession No. (Barcode) | Date last seen | Bill Date | Koha item type | Total Checkouts | Date last borrowed |
|---|---|---|---|---|---|---|---|---|---|---|---|---|---|---|---|---|---|---|
| Dewey Decimal Classification | Restricted Access | Not For Loan | ENGINEERING | SGT Engineering Library | SGT Engineering Library | Reference Book | 14/05/2010 | SGTU | 621.82 SHA | FE2286 | 09/02/2015 | 09/02/2015 | Books | |||||
| Withdrawn | Dewey Decimal Classification | SGT Engineering Library | SGT Engineering Library | 14/05/2010 | SGTU | 621.82 SHA | FE2287 | 09/02/2015 | 09/02/2015 | Books | ||||||||
| Dewey Decimal Classification | SGT Engineering Library | SGT Engineering Library | 14/05/2010 | SGTU | 621.82 SHA | FE2288 | 09/02/2015 | 09/02/2015 | Books | |||||||||
| Dewey Decimal Classification | SGT Engineering Library | SGT Engineering Library | 06/09/2012 | SGTU | 621.82 SHA | FE5428 | 26/12/2017 | 09/02/2015 | Books | 1 | 26/12/2017 | |||||||
| Dewey Decimal Classification | SGT Engineering Library | SGT Engineering Library | 06/09/2012 | SGTU | 621.82 SHA | FE5429 | 17/10/2019 | 09/02/2015 | Books | 2 | 17/10/2019 |